Every Marvel Character M-Z - Statistics

General Stats
  • This quiz has been taken 7 times
  • The average score is 70 of 500
Answer Stats
Answer % Correct
Mantis
71%
Mr. Fantastic
71%
Mystique
71%
Nick Fury
71%
Quicksilver
71%
Sabretooth
71%
Scarlet Witch
71%
Sin
71%
Star Lord
71%
The Professor
71%
Thor
71%
Ultron
71%
Wolverine
71%
Magneto
57%
Moon Knight
57%
Nightcrawler
57%
Odin
57%
Peter Parker
57%
Professor X
57%
Red Guardian
57%
Red Hulk
57%
Red She-Hulk
57%
Rocket Raccoon
57%
Scorpion
57%
Sentry
57%
Storm
57%
Thanos
57%
Thing
57%
Toad
57%
Venom
57%
Vulture
57%
Winter Soldier
57%
X-23
57%
Yondu
57%
Madame Web
43%
Mandarin
43%
Man-Thing
43%
Mary Jane Watson
43%
Maverick
43%
Medusa
43%
Morbius
43%
Ms. Marvel
43%
Namor
43%
Nighthawk
43%
Nova
43%
Pepper Potts
43%
Phil Coulson
43%
Prowler
43%
Punisher
43%
Red Skull
43%
Rhino
43%
Rogue
43%
Ronin
43%
Sandman
43%
She-Hulk
43%
Silver Surfer
43%
Spider-Girl
43%
Surtur
43%
Tinkerer
43%
Toxin
43%
Unus
43%
Vision
43%
War Machine
43%
Wasp
43%
Wonder Man
43%
Yellowjacket
43%
Machine Man
29%
Mad Thinker
29%
Malekith
29%
Maria Hill
29%
Mastermind
29%
May Parker
29%
Mephisto
29%
Miek
29%
M.O.D.O.K.
29%
Mole Man
29%
Morg
29%
Morgan Le Fay
29%
Mysterio
29%
Namorita
29%
Nebula
29%
Nitro
29%
Northstar
29%
Okoye
29%
Omega
29%
Owl
29%
Patriot
29%
Psylocke
29%
Puck
29%
Puma
29%
Puppet Master
29%
Pyro
29%
Quake
29%
Redwing
29%
Romulus
29%
Sasquatch
29%
Scarlet Spider
29%
Scream
29%
Sentinel
29%
Shang-Chi
29%
Shocker
29%
Silvermane
29%
Spider-Gwen
29%
Spider-Ham
29%
Squirrel Girl
29%
Stingray
29%
Taskmaster
29%
Terrax
29%
Thor Girl
29%
Tigra
29%
Tombstone
29%
Triton
29%
Vindicator
29%
Viper
29%
Warlock
29%
Wendigo
29%
Whiplash
29%
Wiccan
29%
Wong
29%
X-Man
29%
Xorn
29%
Zemo
29%
Zeus
29%
Madame Hydra
14%
Madame Masque
14%
Madelyne Pryor
14%
Magma
14%
Makkari
14%
Mandrill
14%
Man-Wolf
14%
Marrow
14%
Marvelman
14%
Maximus
14%
Meltdown
14%
Mercury
14%
Micromax
14%
Mimic
14%
Mister Fear
14%
Mister Sinister
14%
Mobius
14%
Mockingbird
14%
M.O.D.A.M.
14%
M.O.D.O.G.
14%
Moira MacTaggert
14%
Mojo
14%
Molecule Man
14%
Molly Hayes
14%
Mongoose
14%
Moondragon
14%
Moon Girl
14%
Moonstone
14%
Mordo
14%
Morgan Stark
14%
Morph
14%
Mr. Negative
14%
Ms. America
14%
Namora
14%
Nico Minoru
14%
Nightmare
14%
Nocturne
14%
Nomad
14%
Nuke
14%
Old Lace
14%
Onslaught
14%
Otto Octavius
14%
Outlaw
14%
Paladin
14%
Patch
14%
Photon
14%
Piledriver
14%
Pixie
14%
Polaris
14%
Power Man
14%
Pride
14%
Prism
14%
Proudstar
14%
Psycho-Man
14%
Purple Man
14%
Quentin Quire
14%
Rage
14%
Reaper
14%
Red Ghost
14%
Red Shift
14%
Rhodey
14%
Ricochet
14%
Risque
14%
Robbie Robertson
14%
Rockslide
14%
Sauron
14%
Scarecrow
14%
Screwball
14%
Sebastian Shaw
14%
Sersi
14%
Shalla-bal
14%
Shaman
14%
Shanna the She-Devil
14%
Shatterstar
14%
Sif
14%
Silk
14%
Silverclaw
14%
Silver Sable
14%
Smasher
14%
Spectrum
14%
Speed
14%
Spencer Smythe
14%
Spider-Man (1602)
14%
Spider-Man (2099)
14%
Spider-Man (Miles Morales)
14%
Spider-Man Noir
14%
Spider-Man (Peter Parker)
14%
Spider-Woman (Jessica Drew)
14%
Spider-Woman (Mattie Franklin)
14%
Spiral
14%
Spitfire
14%
Spot
14%
Star Brand
14%
Stardust
14%
Starfox
14%
Starhawk
14%
Stegron
14%
Stilt-Man
14%
Sway
14%
Sword Master
14%
Swordsman
14%
Tag
14%
T'Challa
14%
Tempest
14%
Texas Twister
14%
The Collector
14%
The Hood
14%
Thena
14%
Thunderball
14%
Thunderbolt
14%
Thundra
14%
Tiger Shark
14%
Tippy Toe
14%
Titanium Man
14%
Tyrannus
14%
Ultragirl
14%
Umar
14%
Union Jack
14%
Valkarie
14%
Veda
14%
Vertigo
14%
Warbird
14%
Warhawk
14%
Wave
14%
Whirlwind
14%
White Tiger
14%
Whizzer
14%
Wild Child
14%
William Stryker
14%
Wilson Fisk
14%
Wolfsbane
14%
Wraith
14%
Wrecker
14%
Xavin
14%
Mac Gargan
0%
Mach IV
0%
Maddog
0%
Madripoor
0%
Madrox
0%
Maelstrom
0%
Maesto
0%
Magdalene
0%
Ma Gnuci
0%
Magus
0%
Majik
0%
Malcolm Colcord
0%
Mandroid
0%
Manta
0%
Mariko Yashida
0%
Marvel Boy
0%
Marvex
0%
Masque
0%
Master Chief
0%
Master Mold
0%
Mauler
0%
Meggan
0%
Mentallo
0%
Mentor
0%
Mesmero
0%
Meteorite
0%
Microbe
0%
Microchip
0%
Mikhail Rasputin
0%
Mille the Model
0%
Mindworm
0%
Miracleman
0%
Miss America
0%
Misty Knight
0%
Molly Von Richtofen
0%
Molten Man
0%
Monster Badoon
0%
Morlocks
0%
Morlun
0%
Mother Askani
0%
Mr. Fish
0%
Mr. Fixit
0%
Mr. Hyde
0%
Mr. Immortal
0%
Mr. X
0%
Mulholland Black
0%
Multiple Man
0%
MVP
0%
Nakia
0%
Nekra
0%
Newton Destine
0%
Nextwave
0%
Nicolaos
0%
Night Nurse
0%
Nightshade
0%
Night Thrasher
0%
Norman Osborn
0%
Obadiah Stane
0%
Ogun
0%
Old Man Logan
0%
Oracle
0%
Ord
0%
Orphan
0%
Ozymandias
0%
Paibok
0%
Pandemic
0%
Paper Doll
0%
Peggy Carter
0%
Penance
0%
Pestilence
0%
Peter Quill
0%
Pete Wisdom
0%
Phalanx
0%
Phantom Reporter
0%
Phil Sheldon
0%
Phyla-Vell
0%
Pip
0%
Plazm
0%
Post
0%
Power Pack
0%
Prazagora
0%
Preak
0%
Pretty Boy
0%
Prodigy
0%
Proteus
0%
PsyNapse
0%
Quasar
0%
Quasimodo
0%
Rachael Grey
0%
Radioactive Man
0%
Randall
0%
Random
0%
Ravenous
0%
Raza
0%
Red Wolf
0%
Reptil
0%
Revanche
0%
Rick Jones
0%
Rictor
0%
Ripride
0%
Rocket Racer
0%
Roland Deschain
0%
Ronan the Accuser
0%
Roughhouse
0%
Roulette
0%
Rumiko Fujikawa
0%
Sabra
0%
Sage
0%
Sally Floyd
0%
Salo
0%
Santa Claus
0%
Santana
0%
Scourage
0%
Scrambler
0%
Selene
0%
Ser Duncan
0%
Shadowcat
0%
Shadow King
0%
Shadu the Shady
0%
Shape
0%
Shard
0%
Sharon Carter
0%
Sharon Ventura
0%
Shi'Ar
0%
Shinobi Shaw
0%
Shiva
0%
Shiver Man
0%
Shockwave
0%
Shooting Star
0%
Shotgun
0%
Shriek
0%
Silhouette
0%
Silver Fox
0%
Silver Samurai
0%
Sinister
0%
Sister Grimm
0%
Skaar
0%
Skin
0%
Skreet
0%
Skrulls
0%
Skullbuster
0%
Slapstick
0%
Slayback
0%
Sleeper
0%
Sleepwalker
0%
Slipstream
0%
Slyde
0%
Snowbird
0%
Solo
0%
Songbird
0%
Speedball
0%
Speed Demon
0%
Spider-Man (Ai Apaec)
0%
Spider-Man (Ben Reilly)
0%
Spider-Woman (Charlotte Witter)
0%
Squadron
0%
Stacy X
0%
Starbolt
0%
Stature
0%
Steel Serpent
0%
Stellaris
0%
Stick
0%
Stranger
0%
Strong Guy
0%
Stryfe
0%
Sub-Mariner
0%
Sumo
0%
Sunfire
0%
Sunset Bain
0%
Sunspot
0%
Super-Adaptoid
0%
Supernaut
0%
Surge
0%
Swarm
0%
Switch
0%
Sym
0%
Synch
0%
Talisman
0%
Talkback
0%
Talon
0%
Talos
0%
Tana Nite
0%
Tarantula
0%
Tarot
0%
Taurus
0%
Technarchy
0%
Tenebrous
0%
Thaddeus Ross
0%
The Anarchist
0%
The Fury
0%
The Hand
0%
The Initiative
0%
The Liberteens
0%
The Stranger
0%
Thunderbird
0%
Thunderbolt Ross
0%
Timeslip
0%
Titania
0%
Tomorrow Man
0%
Toro
0%
Trauma
0%
Trevor Fitzroy
0%
Triathlon
0%
Turbo
0%
Tusk
0%
Two-Gun Kid
0%
Tyger Tiger
0%
Typhoid Mary
0%
Uatu The Watcher
0%
U-Go Girl
0%
Ulik
0%
Ultimatum
0%
Ultimo
0%
Ultra-Adaptoid
0%
Unicorn
0%
Valeria Richards
0%
Vance Astro
0%
Vanisher
0%
Vargas
0%
Vengeance
0%
Venus Dee Milo
0%
Vermin
0%
Victor Mancha
0%
Vin Gonzales
0%
Virginia Dare
0%
Vivisector
0%
Vulcan
0%
Wallflower
0%
Warbound
0%
Warpath
0%
Warren Worthington III
0%
Warstar
0%
Weapon Omega
0%
Weapon X
0%
Wendell Rand
0%
White Queen
0%
Wildside
0%
Wind Dancer
0%
Wither
0%
X-Cutioner
0%
Yellow Claw
0%
Zaran
0%
Zodiak
0%
No matching quizzes found
Score Distribution
Percent of People with Each Score
Percentile by Number Answered
Your Score History
You have not taken this quiz